|
|
|
|
| LEADER |
00000cam a2200000 7i4500 |
| 001 |
0000002962 |
| 002 |
000003207 |
| 005 |
20000330.0 |
| 020 |
|
|
|a 9836236783
|
| 090 |
0 |
0 |
|a F
|b OTH
|
| 100 |
0 |
|
|a Othman Puteh
|
| 245 |
1 |
0 |
|a Dalam arus kemelut
|c diselenggarakan oleh Othman Puteh
|
| 260 |
|
|
|a K.L. :
|b DBP ,
|c 1993
|
| 300 |
|
|
|a 208 p. ;
|c 18 cm.
|
| 490 |
0 |
|
|a Cerpen remaja
|
| 650 |
0 |
0 |
|a Short stories
|
| 999 |
|
|
|a 036514
|b BUKU
|c PINJAMAN
|e PERPUSTAKAAN KOMUNITI PETALING JAYA
|
| 999 |
|
|
|a 051372
|b BUKU
|c PINJAMAN
|e PERPUSTAKAAN KOMUNITI PETALING JAYA
|
| 999 |
|
|
|a 051373
|b BUKU
|c PINJAMAN
|e PERPUSTAKAAN KOMUNITI PETALING JAYA
|
| 999 |
|
|
|a 051374
|b BUKU
|c PINJAMAN
|e PERPUSTAKAAN KOMUNITI PETALING JAYA
|